Airlines of London Gatwick (LGW) 2025 - Statistics

General Stats
  • This quiz has been taken 199 times
    97 since last reset
  • The average score is 29 of 57
Answer Stats
Answer % Correct
British Airways
98%
easyjet
88%
Emirates
86%
Iberia Express
84%
Ryanair
82%
Air China
80%
Qatar Airways
78%
Vueling
76%
Air India
74%
Wizz Air
74%
Turkish Airlines
72%
Aegean Airlines
70%
China Eastern Airlines
70%
China Southern Airlines
70%
Delta Air Lines
68%
TAP Air Portugal
68%
TUI Airways
68%
Singapore Airlines
66%
Icelandair
64%
Royal Air Maroc
64%
Air Transat
62%
Swiss International Airlines
60%
ITA Airways
58%
WestJet
58%
airbaltic
56%
Ethiopian Airlines
56%
Saudia
56%
Norse Atlantic Airways
54%
KM Malta Airlines
50%
JetBlue
48%
Air Mauritius
46%
Tunisair
46%
Air Peace
44%
Turkmenistan Airlines
44%
Air Europa
42%
Aurigny
42%
Croatia Airlines
42%
Azerbaijan Airlines
40%
Gulf Air
40%
Kenya Airways
38%
Sky Express
38%
SunExpress
36%
Uzbekistan Airways
36%
Air Arabia
30%
Atlantic Airways
24%
Corendon Airlines
24%
SkyAlps
24%
Uganda Airlines
24%
Volotea
24%
Azores Airlines
20%
Norweigan Air Shuttle
20%
Eastern Airways
18%
FlyErbil
18%
Air Sierra Leone
16%
Nouvelair
14%
Royal Brunei Airlines
8%
Mavi Gok Airlines
4%
No matching quizzes found
Score Distribution
Percent of People with Each Score
Percentile by Number Answered
Your Score History
You have not taken this quiz since the last reset